Les pays en C - Carte Quiz - Statistiques

Statistiques générales
  • Ce quiz a été pris 261 fois
  • Le résultat moyen est 12 sur 17
Réponses sur la Carte
Les réponses sont colorées sur une échelle allant du rouge au vert en fonction du pourcentage des utilisateurs qui les ont devinées à leur premier essai. Vous pouvez retrouver ces pourcentages ci-dessous.
 
Statistiques - réponses
Réponse % Correct
Colombie
91%
Chili
86%
Congo (République démocratique du)
84%
Croatie
83%
Corée du Sud
78%
Comores
77%
Corée du Nord
77%
Cap-Vert
72%
Côte d'Ivoire
72%
Congo (République du)
69%
Canada
68%
Cuba
60%
Cameroun
59%
Cambodge
58%
Chine
54%
Costa Rica
51%
Chypre
48%
Aucun quiz correspondant
Distribution des résultats
% des personnes avec chaque résultat
Percentile par nombre de réponses
Votre historique - résultats
Vous n’avez pas pris ce quiz